Increasing reliability of granulometric rock analysis through sedimentary and microscopic study correlation; Проблемы геологии и освоения недр; Т. 2

Bibliografiske detaljer
Parent link:Проблемы геологии и освоения недр: труды XVI Международного симпозиума имени академика М. А. Усова студентов и молодых ученых, Томск, 2-7 апреля 2012 г./ Национальный исследовательский Томский политехнический университет (ТПУ), Институт природных ресурсов (ИПР) ; Общество инженеров-нефтяников, Студенческий чаптер ; под ред. О. Г. Савичева.— , 2012
Т. 2.— 2012.— [С. 795-797]
Hovedforfatter: Eremyan G. A. Grachik Araikovich
Andre forfattere: Roslyak A. T. Aleksandr Tikhonovich (научный руководитель), Dolgaya T. F. Tatiana Fedorovna
Summary:Заглавие с титульного листа
Sprog:engelsk
Udgivet: 2012
Serier:Geology, mining and petroleum engineering (English, German)
Fag:
Online adgang:http://www.lib.tpu.ru/fulltext/c/2012/C11/V2/380.pdf
Format: MixedMaterials Electronisk Book Chapter
KOHA link:https://koha.lib.tpu.ru/cgi-bin/koha/opac-detail.pl?biblionumber=239536

MARC

LEADER 00000naa2a2200000 4500
001 239536
005 20251208095931.0
035 |a (RuTPU)RU\TPU\book\260756 
035 |a RU\TPU\book\260641 
090 |a 239536 
100 |a 20130610d2012 k y0rusy50 ba 
101 0 |a eng 
102 |a RU 
135 |a drcn ---uucaa 
200 1 |a Increasing reliability of granulometric rock analysis through sedimentary and microscopic study correlation  |f G. A. Eremyan  |g Sci. Ad. A. T. Roslyak ; T. F. Dolgaya 
203 |a Text  |c electronic 
215 |a 1 файл :498 Кб) 
225 1 |a Geology, mining and petroleum engineering (English, German) 
300 |a Заглавие с титульного листа 
320 |a [Referen.: p. 797 (3 title)] 
337 |a Adobe Reader 
461 1 |0 (RuTPU)RU\TPU\book\252494  |t Проблемы геологии и освоения недр  |o труды XVI Международного симпозиума имени академика М. А. Усова студентов и молодых ученых, Томск, 2-7 апреля 2012 г.  |o в 2 т.  |f Национальный исследовательский Томский политехнический университет (ТПУ), Институт природных ресурсов (ИПР) ; Общество инженеров-нефтяников, Студенческий чаптер ; под ред. О. Г. Савичева  |d 2012 
463 1 |0 (RuTPU)RU\TPU\book\252518  |t Т. 2  |v [С. 795-797]  |d 2012 
610 1 |a труды учёных ТПУ 
610 1 |a электронный ресурс 
610 1 |a гранулометрический анализ 
610 1 |a осадочные породы 
610 1 |a корреляция 
610 1 |a углеводороды 
700 1 |a Eremyan  |b G. A.  |c specialist in the field of petroleum engineering  |c Research Engineer, Tomsk Polytechnic University  |f 1989-  |g Grachik Araikovich  |3 (RuTPU)RU\TPU\pers\46484 
702 1 |a Roslyak  |b A. T.  |c geologist  |c Professor of Tomsk Polytechnic University, Doctor of technical science  |f 1946-  |g Aleksandr Tikhonovich  |4 727 
702 1 |a Dolgaya  |b T. F.  |c linguist  |c Senior Lecturer of Tomsk Polytechnic University  |f 1952-  |g Tatiana Fedorovna  |4 727 
801 1 |a RU  |b 63413507  |c 20130205 
801 2 |a RU  |b 63413507  |c 20200713  |g RCR 
856 4 |u http://www.lib.tpu.ru/fulltext/c/2012/C11/V2/380.pdf 
942 |c CF